000
00337nam a2200133Ia 4500
008
240624s9999 xx 000 0 und d
041
_a
eng
082
_a
004.6 MIL
100
_a
MILLER MICHAEL A
245
_a
DATA AND NETWORK COMMUNICATIONS
260
_c
2004
_a
Singapore
_b
Thomson Asia
300
_a
xiii, : 522 : cm. ; 24
365
_c
RS
999
_c
1961
_d
1961